Blackboard Blitz: Novels Quiz Stats

 Plays Quiz Updated Oct 13, 2018

Score 0/12 Timer 01:30
1 Play Today
% Correct
The Lore Of The Pings
90.3%
The Scarlet Better
88.6%
Bored Of The Fries
88.5%
Animal Charm
88.1%
Catch-42
84%
To Sell a Mockingbird
83.7%
1904
82.6%
The Punt for Lead October
82.4%
The Crepes of Bath
79.8%
Atlas Mugged
79.5%
A Broom With a Pew
70.4%
Go Sell Him On The Mountain
65%

You're not logged in!

Compare scores with friends on all Sporcle quizzes.
OR
Log In

Show Comments

Extras

Top Quizzes Today


Score Distribution

Your Account Isn't Verified!

In order to create a playlist on Sporcle, you need to verify the email address you used during registration. Go to your Sporcle Settings to finish the process.

Report this User

Report this user for behavior that violates our Community Guidelines.

Details: